| 000 | 01063nam a22002177a 4500 | ||
|---|---|---|---|
| 999 |
_c4092 _d4092 |
||
| 003 | AR-CdUCM | ||
| 008 | 190307b ||||| |||| 00| 0 spa d | ||
| 040 |
_aMUNICIPALIDAD PROVINCIAL DEL CUSCO _cBIBLIOTECA MUNICIPAL DEL CUSCO |
||
| 082 |
_a375.05 / _bM35 |
||
| 100 |
_aMeche Pilco, Hilda _912976 |
||
| 245 | _a"estrategias motivacionales para desarrollar el pensamiento matemático creativo en los alumnos del primer grado de educación secundaria de la institución educativa de Huayllaccocha de Anta Cusco, 2009" / | ||
| 260 |
_aCusco : _bSonny graff E.I.R.L., _c2013. |
||
| 300 |
_a101 páginas ; _c29.5 cm. |
||
| 500 | _aTesis publicada. | ||
| 505 | _aContenido: Análisis del proceso de enseñanza aprendizaje en la institución educativa de Huayllaccocha -- Estrategias motivacionales para el desarrollo del pensamiento matemático creativo ... | ||
| 650 |
_aEnseñanza - Matemáticas - Cusco _912977 |
||
| 650 |
_aProcesos de enseñanza - Huayllaccocha _912978 |
||
| 650 |
_aPensamiento matemático _912979 |
||
| 942 |
_2ddc _cLIBROS |
||
| 945 | _alccs | ||